000 00378nam a2200133Ia 4500
008 220217s9999||||xx |||||||||||||| ||und||
020 _a81-8404-522-0
082 _a005.13 CRO
100 _aCrockford, Douglas
_95949
245 0 _aJava script: the good parts
260 _aShroff publishers and dist.Pvt.
_bMumbai
_c2008
300 _b200
650 _aPROGRAMMING LANGUAGE
999 _c177230
_d177230